Business Law (Record no. 1183046)

MARC details
000 -LEADER
fixed length control field 00625nam a2200253Ia 4500
003 - CONTROL NUMBER IDENTIFIER
control field OSt
005 - DATE AND TIME OF LATEST TRANSACTION
control field 20221007103548.0
008 - FIXED-LENGTH DATA ELEMENTS--GENERAL INFORMATION
fixed length control field 221006b |||||||| |||| 00| 0 eng d
037 ## - SOURCE OF ACQUISITION
Terms of availability Textual
040 ## - CATALOGING SOURCE
Original cataloging agency LCO
Transcribing agency LCO
Language of cataloging eng
041 ## - LANGUAGE CODE
Source of code eng
Language code of text/sound track or separate title eng
100 ## - MAIN ENTRY--PERSONAL NAME
Personal name Litka Michael P.
9 (RLIN) 317563
245 #0 - TITLE STATEMENT
Title Business Law
250 ## - EDITION STATEMENT
Edition statement 2nd
260 ## - PUBLICATION, DISTRIBUTION, ETC.
Place of publication, distribution, etc. Ohio
Name of publisher, distributor, etc. Grid Inc. U.S.A.
Date of publication, distribution, etc. 1977
300 ## - PHYSICAL DESCRIPTION
Extent 689
650 ## - SUBJECT ADDED ENTRY--TOPICAL TERM
Topical term or geographic name entry element Business Law
9 (RLIN) 419161
942 ## - ADDED ENTRY ELEMENTS (KOHA)
Classification part Z73,3, L7
Koha item type Textual
Holdings
Withdrawn status Lost status Damaged status Not for loan Home library Current library Date acquired Total Checkouts Full call number Barcode Date last seen Price effective from Koha item type
        Law Centre-I Library Law Centre-I Library 2022-10-07   Z73,3 L7 LO0630359 2022-10-07 2022-10-07 Textual
Copyright @ Delhi University Library System